000 01326cam a22004214i 4500
003 PE-LiUPU
005 20250731173250.0
008 150625s r 000 0 d
035 _a(Sirsi) a35540
040 _aPE-LiUPU
_bspa
_cPE-LiUPU
_erda
082 0 4 _a235.2
_bS46
_221
100 1 _aSgarbossa, Mario,
_eautor.
245 1 3 _aUn santo para cada dia /
_cMario Sgarbossa.
264 1 _aColombia :
_bSan Pablo, ENE
_cc1994.
300 _a[464] páginas:
_bIlustraciones;
_c21 centímetros.
336 _atext
_2rdacontent
337 _aunmediated
_2rdamedia
338 _avolume
_2rdacarrier
526 _aSEG42
526 _aSEG41
526 _aSEG40
526 _aSEG39
526 _aP94
526 _aP87
526 _aP86
526 _aP85
526 _aP77
526 _aP76
526 _aP35
650 1 4 _aCalendario eclesiástico.
650 2 4 _aFiestas religiosas.
910 _a
942 _2ddc
_cBOOK
949 _a235.2 S46
_wDEWEY
_c1
_i38930
_lCCODEBUL1
_mBUL
_p00.00
_r0
_sY
_tBOOK
_u2015-06-25
_xBIBLIOTECA
_zUNKNOWN
_0COMPRA
_o.STAFF. Colección General
596 _a1
999 _a235.2 S46
_wDEWEY
_c43516
_i38930
_f2021-11-10
_g5
_lCCODEBUL1
_mBUL
_r0
_sY
_tBOOK
_u2015-6-25
_xTEOLOGIA
_zUNKNOWN
_0COMPRA
_o.STAFF. Colección General
_d43516
980 _81
_gALBERTO SANCHEZ Responsable de Automatización